000 00657nam a2200169Ia 4500
008 090711s9999 xx 000 0 und d
082 _b791
100 _aकोल्हटकर उषादेवी वि.
245 _aस्पंदनांSाी किमया
260 _bकॉन्टीनेन्टल प्रकाशन
_c1997
300 _a120
600 _aकोल्हटकर उषादेवी वि.
630 _aस्पंदनांSाी किमया
700 _aकोल्हटकर उषादेवी वि.
730 _aस्पंदनांSाी किमया
942 _cBOOK
999 _c324285
_d324285